000 00516nam a22001817a 4500
005 20251108171859.0
008 250721s1988 xx 000 0 ara d
082 1 4 _aط/646/مطل
100 1 _aمطلق، البير
245 1 0 _aالثياب /
264 1 _aبيروت :
_bمكتبة لبنان،
_c1988.
300 _a31ص : مص
490 0 _aكتب الفراشة ، 26
650 1 7 _aالملابس
653 _aاطفال مرحله متوسطه (6-9) سنوات
942 _2ddc
_cBK
999 _c65029
_d65029